<?xml version='1.0' encoding='UTF-8'?>
  <record xmlns="http://www.loc.gov/MARC21/slim">
    <leader>00000nem a2200000 i 4500</leader>
    <controlfield tag="001">ocn980446543</controlfield>
    <controlfield tag="003">OCoLC</controlfield>
    <controlfield tag="005">20251015003640.1</controlfield>
    <controlfield tag="008">000517s1800    ne        u     0 0 dut d</controlfield>
    <datafield tag="040" ind1=" " ind2=" ">
      <subfield code="a">QGJ</subfield>
      <subfield code="b">dut</subfield>
      <subfield code="c">QGJ</subfield>
      <subfield code="d">OCLCL</subfield>
      <subfield code="d">OCLCQ</subfield>
    </datafield>
    <datafield tag="035" ind1=" " ind2=" ">
      <subfield code="a">(OCoLC)980446543</subfield>
    </datafield>
    <datafield tag="084" ind1=" " ind2=" ">
      <subfield code="a">74.20</subfield>
      <subfield code="2">bcl</subfield>
    </datafield>
    <datafield tag="100" ind1="1" ind2=" ">
      <subfield code="a">Roij, Bernard de,</subfield>
      <subfield code="d">1638-1707.</subfield>
    </datafield>
    <datafield tag="245" ind1="1" ind2="0">
      <subfield code="a">Achtervolgens de last ende authorisatie van de edele heeren water-graef ende hoge heemraden vande riviere de Eem beecken en aencleven van dien, hebbe ick onderges. lantmeter gemeten'ende op syne maete gestelt de riviere de Eem, vande stadt Amersfoort aff tot aende ton inde mont vande Eem toe, met de wegen ende watergangen ten wedersyden vande selve riviere gelegen, als mede alle beecken ende wegen ... /</subfield>
      <subfield code="c">Bernard de Roy, 1692 ; T. Doesburgh sculp.</subfield>
    </datafield>
    <datafield tag="246" ind1="1" ind2=" ">
      <subfield code="a">riviere de Eem, vande stadt Amersfoort aff tot aende ton inde mont vande Eem toe ...</subfield>
    </datafield>
    <datafield tag="255" ind1=" " ind2=" ">
      <subfield code="a">Schaal [ca. 1:18.000].</subfield>
    </datafield>
    <datafield tag="264" ind1=" " ind2="1">
      <subfield code="a">[Plaats van uitgave niet vastgesteld] :</subfield>
      <subfield code="b">[uitgever niet vastgesteld],</subfield>
      <subfield code="c">[ca. 1800]</subfield>
    </datafield>
    <datafield tag="300" ind1=" " ind2=" ">
      <subfield code="a">1 krt. in 3 bl. :</subfield>
      <subfield code="b">kopergrav. ;</subfield>
      <subfield code="c">62 x 116 cm</subfield>
    </datafield>
    <datafield tag="336" ind1=" " ind2=" ">
      <subfield code="a">cartografische afbeelding</subfield>
      <subfield code="b">cri</subfield>
      <subfield code="2">rdacontent/dut</subfield>
    </datafield>
    <datafield tag="337" ind1=" " ind2=" ">
      <subfield code="a">zonder medium</subfield>
      <subfield code="b">n</subfield>
      <subfield code="2">rdamedia/dut</subfield>
    </datafield>
    <datafield tag="338" ind1=" " ind2=" ">
      <subfield code="a">vel</subfield>
      <subfield code="b">nb</subfield>
      <subfield code="2">rdacarrier/dut</subfield>
    </datafield>
    <datafield tag="500" ind1=" " ind2=" ">
      <subfield code="a">Vermoedelijk een laat 18de of begin 19de eeuwse latere staat waarbij de 9 oude ingevulde wapenschilden zijn vervangen door 9 nieuwe nog niet ingevulde wapenschilden ; o.a. Huis Ter Eem is verwijderd, Der Eem is Ter Eem geworden.</subfield>
    </datafield>
    <datafield tag="500" ind1=" " ind2=" ">
      <subfield code="a">Midden: Concordia res parvae crescunt (wapen van Utrecht).</subfield>
    </datafield>
    <datafield tag="500" ind1=" " ind2=" ">
      <subfield code="a">Met schaalstok (Aght hondert roeden).</subfield>
    </datafield>
    <datafield tag="510" ind1="0" ind2=" ">
      <subfield code="a">Donkersloot-de Vrij, Topografische kaarten Nederland voor 1750, 755, p. 149 (vgl)</subfield>
    </datafield>
    <datafield tag="650" ind1=" " ind2="7">
      <subfield code="a">Omgeving.</subfield>
      <subfield code="0">(NL-LeOCL)078608945.</subfield>
      <subfield code="2">gtt</subfield>
    </datafield>
    <datafield tag="651" ind1=" " ind2="7">
      <subfield code="a">Eem.</subfield>
      <subfield code="0">(NL-LeOCL)282416250.</subfield>
      <subfield code="2">gtt</subfield>
    </datafield>
    <datafield tag="651" ind1=" " ind2="7">
      <subfield code="a">Amersfoort.</subfield>
      <subfield code="0">(NL-LeOCL)095939113.</subfield>
      <subfield code="2">gtt</subfield>
    </datafield>
    <datafield tag="655" ind1=" " ind2="7">
      <subfield code="a">Kaarten (vorm)</subfield>
      <subfield code="0">(NL-LeOCL)088143554.</subfield>
      <subfield code="2">gtt</subfield>
    </datafield>
    <datafield tag="700" ind1="1" ind2=" ">
      <subfield code="a">Doesburgh, Thomas.</subfield>
    </datafield>
    <datafield tag="758" ind1=" " ind2=" ">
      <subfield code="a">Achtervolgens de last ende authorisatie van de edele heeren water-graef ende hoge heemraden vande riviere de Eem beecken en aencleven van dien, hebbe ick onderges. lantmeter gemeten'ende op syne maete gestelt de riviere de Eem, vande stadt Amersfoort aff tot aende ton inde mont vande Eem toe, met de wegen ende watergangen ten wedersyden vande selve riviere gelegen, als mede alle beecken ende wegen (CartographicMaterial)</subfield>
      <subfield code="1">https://id.oclc.org/worldcat/entity/E39PCXJmjtyFfMrYPVMQKT3jP3</subfield>
      <subfield code="4">https://id.oclc.org/worldcat/ontology/hasWork</subfield>
    </datafield>
    <datafield tag="936" ind1=" " ind2=" ">
      <subfield code="a">BATCHLOAD</subfield>
    </datafield>
  </record>